Normal view MARC view
  • تصنیف: ہیر لڈلیم / Harold Lamb

Entry Personal Name

Number of records used in: 1

001 - CONTROL NUMBER

  • control field: 129786

003 - CONTROL NUMBER IDENTIFIER

  • control field: NUST

005 - DATE AND TIME OF LATEST TRANSACTION

  • control field: 20250713112026.0

008 - FIXED-LENGTH DATA ELEMENTS

  • fixed length control field: 250713|| aca||aabn | a|a d

040 ## - CATALOGING SOURCE

  • Original cataloging agency: NUST
  • Transcribing agency: NUST

100 ## - HEADING--PERSONAL NAME

  • Personal name: تصنیف: ہیر لڈلیم / Harold Lamb

670 ## - SOURCE DATA FOUND

  • Source citation: Work cat.: (NUST): Maulana Ghulam Rasool Mehr 127829, Qustantiniya ya Istanbul, 2016.
© 2023 Central Library, National University of Sciences and Technology. All Rights Reserved.